La experiencia de la casa de la mujer indígena Juchari Kumanchikua de Pátzcuaro, Michoacán : (Record no. 218770)
[ view plain ]
| 000 -CABECERA | |
|---|---|
| campo de control de longitud fija | 03058nam a2200301 a 4500 |
| 003 - IDENTIFICADOR DEL NÚMERO DE CONTROL | |
| campo de control | OSt |
| 005 - FECHA Y HORA DE LA ÚLTIMA TRANSACCIÓN | |
| campo de control | 20240905104928.0 |
| 007 - CAMPO FIJO DE DESCRIPCIÓN FÍSICA--INFORMACIÓN GENERAL | |
| campo de control de longitud fija | cr ||||||a|c|a |
| 008 - DATOS DE LONGITUD FIJA--INFORMACIÓN GENERAL | |
| campo de control de longitud fija | 230517s2019 mx a|||fom||| 001 0 sp d |
| 040 ## - FUENTE DE LA CATALOGACIÓN | |
| Normas de descripción | rda |
| 100 1# - ENTRADA PRINCIPAL--NOMBRE DE PERSONA | |
| 9 (RLIN) | 187059 |
| Nombre de persona | Escobedo Barajas, Julieta |
| 245 13 - MENCIÓN DE TÍTULO | |
| Título | La experiencia de la casa de la mujer indígena Juchari Kumanchikua de Pátzcuaro, Michoacán : |
| Resto del título | una política pública de desarrollo / |
| Mención de responsabilidad, etc. | Julieta Escobedo Barajas; director de tesis Miriam Aidé Núñez Vera |
| 264 #1 - PRODUCCIÓN, PUBLICACIÓN, DISTRIBUCIÓN, FABRICACIÓN Y COPYRIGHT | |
| Producción, publicación, distribución, fabricación y copyright | Chapingo, México : |
| Nombre del de productor, editor, distribuidor, fabricante | El autor, |
| Fecha de producción, publicación, distribución, fabricación o copyright | 2019. |
| 300 ## - DESCRIPCIÓN FÍSICA | |
| Extensión | 1 recurso en línea (206 páginas): |
| Otras características físicas | mapas, graficas. |
| 336 ## - TIPO DE CONTENIDO | |
| Fuente | rdacontent |
| Término de tipo de contenido | texto |
| Código de tipo de contenido | txt |
| 337 ## - TIPO DE MEDIO | |
| Fuente | rdamedia |
| Nombre/término del tipo de medio | computadora |
| Código del tipo de medio | c |
| 338 ## - TIPO DE SOPORTE | |
| Fuente | rdacarrier |
| Nombre/término del tipo de soporte | recurso en línea |
| Código del tipo de soporte | cr |
| 502 ## - NOTA DE TESIS | |
| Tipo de título | Maestría en Ciencias en Desarrollo Rural Regional |
| Nombre de la institución que otorga el título | Sistema de Centros Regionales Universitarios, |
| Año de obtención del título | 2019 |
| Información miscelánea | Maestría |
| 504 ## - NOTA DE BIBLIOGRAFÍA, ETC. | |
| Nota de bibliografía, etc. | Incluye referencias bibliográficas: páginas 139-146. |
| 520 ## - SUMARIO, ETC. | |
| Sumario, etc. | Para determinar si existen aportes o limitantes en la aplicación de políticas públicas con perspectiva de género y derechos humanos en México, el Estado requiere impulsar específicamente para las mujeres propuestas emergentes de desarrollo. El interés de la presente investigación fue generar una evaluación de la eficacia y eficiencia que proyecte los alcances e impactos de la política pública de la experiencia de la Casa de la Mujer Indígena de Pátzcuaro, Michoacán, con indicadores en planeación, seguimiento y asignación presupuestal que identificaron las integrantes, usuarias e informantes clave. A través de una metodología de verificación de programas sociales, el estudio es de carácter cualitativo y cuantitativo, basado en un análisis de cuestionarios, encuestas y entrevistas semiestructuradas; además del trabajo con un grupo focal y la revisión de archivos documentales en el periodo de 2008 a 2018 como parte del proyecto. Se muestra que a través de evaluaciones constantes han logrado continuidad contribuyendo de manera directa al desarrollo de la región a través de las mujeres. La crisis actual del desarrollo por ser visto como propuesta meramente mercantil convoca a la actuación de la población afectada en la actualidad. Si bien es importante el tema de la economía en términos monetarios, el deterioro de la calidad de vida hace temer por un futuro donde se viva una regresión social alarmante. Ante esta situación, el equipo impulsor del modelo de atención requiere plantear alternativas fundamentadas teóricamente y que se apoyen en el análisis de los éxitos y fracasos, por lo que se esboza una propuesta de protocolo en el que participaron también las mujeres atendidas. |
| 650 #4 - PUNTO DE ACCESO ADICIONAL DE MATERIA--TÉRMINO DE MATERIA | |
| 9 (RLIN) | 170121 |
| Término de materia o nombre geográfico como elemento de entrada | Desarrollo rural |
| Subdivisión general | Michoacán |
| 650 #4 - PUNTO DE ACCESO ADICIONAL DE MATERIA--TÉRMINO DE MATERIA | |
| 9 (RLIN) | 149838 |
| Término de materia o nombre geográfico como elemento de entrada | Derechos humanos |
| Subdivisión general | Indígenas |
| 650 #4 - PUNTO DE ACCESO ADICIONAL DE MATERIA--TÉRMINO DE MATERIA | |
| 9 (RLIN) | 144452 |
| Término de materia o nombre geográfico como elemento de entrada | Mujeres |
| Subdivisión general | Aspectos sociales |
| -- | Michoacán |
| 650 #4 - PUNTO DE ACCESO ADICIONAL DE MATERIA--TÉRMINO DE MATERIA | |
| 9 (RLIN) | 131908 |
| Término de materia o nombre geográfico como elemento de entrada | Mujeres |
| Subdivisión general | Desarrollo económico |
| 700 1# - PUNTO DE ACCESO ADICIONAL--NOMBRE DE PERSONA | |
| 9 (RLIN) | 81982 |
| Nombre de persona | Núñez Vera, Miriam Aidé |
| Término indicativo de función/relación | Director de tesis. |
| 856 ## - LOCALIZACIÓN Y ACCESO ELECTRÓNICOS | |
| Identificador Uniforme del Recurso | http://10.13.5.2/tesis/tm/Escobedo_Barajas_Julieta.pdf |
| Nota pública | DESCARGAR PDF |
| 942 ## - ELEMENTOS DE PUNTO DE ACCESO ADICIONAL (KOHA) | |
| Fuente del sistema de clasificación o colocación | Clasificación Universidad Autónoma Chapingo |
| Tipo de ítem Koha | Tesis digital |
| Estado de retiro | Estado de pérdida | Fuente del sistema de clasificación o colocación | Estado dañado | Restricciones de uso | No para préstamo | Código de colección | Localización permanente | Ubicación/localización actual | Ubicación en estantería | Fecha de adquisición | Total de préstamos | Signatura topográfica completa | Fecha visto por última vez | Precio válido a partir de | Tipo de ítem Koha |
|---|---|---|---|---|---|---|---|---|---|---|---|---|---|---|---|
| Clasificación Universidad Autónoma de Chapingo | Préstamo interno | Tesis digitales de Maestría | Biblioteca Digital | Biblioteca Digital | En línea | 17/05/2023 | Tesis digital | 17/05/2023 | 17/05/2023 | Tesis digital |
